Лінгвістичні особливості оформлення письмових документів, що містять керівні вказівки, у британському варіанті англійської мови докум. (Запис № 282588)

МАРК-запис
000 -LEADER
fixed length control field 01820nam a22001577a 4500
041 ## - LANGUAGE CODE
Language code of text/sound track or separate title ukr
080 ## - UNIVERSAL DECIMAL CLASSIFICATION NUMBER
Universal Decimal Classification number 09
090 ## - LOCALLY ASSIGNED LC-TYPE CALL NUMBER (OCLC); LOCAL CALL NUMBER (OCLC)
Local cutter number (OCLC) ; Book number/undivided call number, CALL (RLIN) МАЙ
100 ## - MAIN ENTRY--PERSONAL NAME
Personal name Майстров, А.
245 ## - TITLE STATEMENT
Title Лінгвістичні особливості оформлення письмових документів, що містять керівні вказівки, у британському варіанті англійської мови докум.
260 ## - PUBLICATION, DISTRIBUTION, ETC. (IMPRINT)
Place of publication, distribution, etc Острог
Name of publisher, distributor, etc КАФ
Date of publication, distribution, etc 2004
300 ## - PHYSICAL DESCRIPTION
Extent 41
520 ## - SUMMARY, ETC.
Summary, etc Розділ 1. Лінгвістичні особливості оформлення директив, що спрямовують свої керівні вказівки на учасників дорожнього руху<br/>1.1 Особливості оформлення директивів, що відносяться до тематичного блоку під назвою<br/>1.2 Особливості оформлення директивів, що відносяться до тематичного блоку під назвою<br/>Розділ 2. Лінгвістичні особливості оформлення директивів, що зустрічаються в різних публічних місцях<br/>2.1 Особливості оформлення директивів, що відносяться до тематичного блоку під назвою<br/>2.2 Особливості оформлення директивів, що відносяться до тематичного блоку під назвою<br/>2.3 Особливості оформлення директивів, що корегують поведінку громадян в місцях відпочинку
-- комунікація, письмо, імператив
650 ## - SUBJECT ADDED ENTRY--TOPICAL TERM
Topical term or geographic name as entry element Research Papers
942 ## - ADDED ENTRY ELEMENTS (KOHA)
Koha item type Книги
Фонди
Withdrawn status Lost status Source of classification or shelving scheme Damaged status Not for loan Home library Current library Date acquired Source of acquisition Coded location qualifier Cost, normal purchase price Total Checkouts Full call number Barcode Date last seen Price effective from Koha item type
    Universal Decimal Classification     ВІЛ - Відділ іноземн. літератури НБ ВІЛ - Відділ іноземн. літератури НБ 08/08/2005 Акт В12 1.00   09 210150 20/12/2021 16/12/2004 Книги